| 000 | 01100nam a22003137a 4500 | ||
|---|---|---|---|
| 999 |
_c2077 _d2077 |
||
| 003 | AR-CdUCM | ||
| 008 | 190301b ||||| |||| 00| 0 spa d | ||
| 040 |
_aMUNICIPALIDAD PROVINCIAL DEL CUSCO _cBIBLIOTECA MUNICIPAL DEL CUSCO |
||
| 082 |
_a330.98 / _bK63 |
||
| 100 |
_aAnaniev, A. _97504 |
||
| 245 | _aEconomía de los países latinoamericanos / | ||
| 260 |
_aMoscu : _bEdit. Progreso, _c1978 |
||
| 300 |
_a504 paginas ; _c20 cm. |
||
| 505 | _aLucha de los países de américa latina por la independencia económica --Cuba:Experiencia de transformaciones socio-económicas y de construcción de los fundamentos de la economía socialista ... | ||
| 650 |
_aEconomia _9382 |
||
| 650 |
_aDesarrollo _92021 |
||
| 650 |
_aAgricultura _9320 |
||
| 650 |
_aComercio _9322 |
||
| 700 |
_aA. Bekarevich _97505 |
||
| 700 |
_aV. Bulavin _97506 |
||
| 700 |
_aL. Klochkovski _97507 |
||
| 700 |
_aS. Kosobchuk _97508 |
||
| 700 |
_aI. Lomashov _97509 |
||
| 700 |
_aZ. Romanova _97510 |
||
| 700 |
_aI. Sheremetiev _97511 |
||
| 710 |
_aK.Tarasov _97512 |
||
| 942 |
_2ddc _cLIBROS |
||
| 945 |
_arjall _d2019-03-01 |
||